000 00525nam a2200181Ia 4500
005 20250326125359.0
008 250326s9999 xx 000 0 und d
037 _aTextbook
040 _aFMSL
_beng
_cFMSL
041 _aeng
_2eng
084 _aX8(MD53):8.73 K9
_qFMSL
100 _aPillai K G J
_9738976
245 0 _aAir net: case against the world aviation cartel
_cPillai K G J
260 _aNY
_bNY, Grosseman
_c1969
300 _a212p
942 _cTB
_hX8(MD53):8.73 K9
999 _c1277790
_d1277790